000 00543nam a2200181Ia 4500
008 100920s9999 xx 000 0 und d
082 _b98613
_a700 न 06
100 _aसोवनी मधुकर विष्णु.
245 _aहरवले ते.
260 _bभारव्दाज प्रकाशन,पुणे.
_c2006
300 _a110
_bसाधी
365 _b85
520 _aकला.
630 _aहरवले ते.
650 _aकला.
730 _aहरवले ते.
942 _cBOOK
999 _c739051
_d739048